1589 1340 1064 1850 1910 1096 1449 1912 1824 1661 1903 1750 1124 1905 1951 1385 1036 1735 1219 1823 1475 1167 1418 1052 1339 1425 1797 1450 1458 1181 1952 1948 1291 1088 1267 1640 1831 1665 1886 1490 1432 1465 1090 1148 1269 1956 1897 1209 1585 1698 1209 1594 1143 1289 1977 1252 1694 1636 1632 1331 1114 1122 1190 1198 1629 1628 1232 1880 1480 1404 1947 1864 1374 1423 1284 1907 1041 1409 1360 1007 1503 1829 1857 1111 1876 1793 1172 1462 1156 1552 1639 1839 1488 1913 1855 1838 1556 1092 1374 BCNSPRNW ULIB Ver.6.0+V

เปลี่ยนเป็นภาษาไทย

Change to English
 แสดงรายละเอียดบรรณานุกรม
  กลับหน้าหลัก

Brief Record : Get Marc (ISO 2709) : E-mail record : QR code < ปิดหน้าต่าง
LEADER : 00000nam 2200000uu 4500
001    13399122871
003     ULIB
008    131022s2555||||th 000 0 tha d
020    ^a9786162132513
050  4 ^aDS520^bก323ก
100    ^aกวิตา ถนอมงาม
245    ^aเกมถาม-ตอบ รอบรู้อาเซีน/^cกวิตา ถนอมงาม
250    ^aพิมพ์ครั้งที่ 1
260    ^aกรุงเทพฯ :^bสกายบุ๊กส์,^c2555
440  0 ^aชุด ประชาคมอาเซียนฉบับการ์ตูน
650  7 ^aอาเซียน^xเสริมความรู้
650  7 ^aอาเซียน^xเกม
650  7 ^aอาเซียน^xถามตอบ
945    ^p119^l0^i034091
999    ^aเกษร โพธิ์สุวรรณ
รายการนี้ยังไม่มีแท็ก
คุณยังไม่ได้ล็อกอิน คุณสามารถมีกิจกรรมร่วมกับเว็บไซต์ได้ แต่ต้องล็อกอินก่อน ::
  ล็อกอิน

รายการสื่อสารสนเทศ

ลำดับที่ ประเภท เลขเรียก/บาร์โค้ด สถานที่ สถานะ
1. การศึกษาทั่วไป
หนังสือสำรอง
สถานะ=หนังสือสำรอง
DS520 ก323ก ฉ.1 
  Barcode: 034091
ห้องสมุดวิทยาเขตสวรรค์ประชารักษ์
►หนังสือทั่วไป
บนชั้น

รายการใกล้เคียง
    ผู้แต่ง [กวิตา ถนอมงาม]

BibComment


ยังไม่เคยถูกคอมเมนท์

คอมเมนท์ทรัพยากรรายการนี้
  คอมเมนท์: เกมถามตอบ รอบรู้..


 Copyright 2026. Bcnsprnw @Library